Старый да малый: Повесть и рассказы; Для младшего школьного возраста

Bibliographische Detailangaben
1. Verfasser: Белов В. И. Василий Иванович
Weitere Verfasser: Воронов Ю. (иллюстратор)
Sprache:Russisch
Veröffentlicht: Москва, Детская литература, 1989
Schlagworte:
Format: MixedMaterials Buch
KOHA link:https://koha.lib.tpu.ru/cgi-bin/koha/opac-detail.pl?biblionumber=132865

MARC

LEADER 00000nam0a2200000 4500
001 132865
005 20231101220408.0
010 |a 5080004495 
020 |a RU  |b 89-26261 
035 |a (RuTPU)RU\TPU\book\143862 
090 |a 132865 
100 |a 20080307d1989 c y0rusy5003 ca 
101 0 |a rus 
102 |a RU 
105 |a a z 000ay 
200 1 |a Старый да малый  |e Повесть и рассказы   |e Для младшего школьного возраста  |f В. И. Белов  |g худож. Ю. Воронов 
210 |a Москва  |c Детская литература  |d 1989 
215 |a 124,[3] с.  |c цв. ил.  |d 27 см 
610 1 |a детская литература 
610 1 |a повести 
610 1 |a рассказы 
675 |a Р2  |z rus 
700 1 |a Белов  |b В. И.  |c русский писатель  |f 1932-  |g Василий Иванович  |2 stltpush  |3 (RuTPU)RU\TPU\pers\36216  |4 070  |9 19295 
702 1 |a Воронов  |b Ю.  |4 440 
801 0 |a RU  |b RuMRKP  |c 19950417  |g psbo 
801 1 |a RU  |b 63413507  |c 20080307  |g PSBO 
801 2 |a RU  |b 63413507  |c 20220916  |g PSBO 
942 |c BK